Central Library OPAC University of Rajshahi

Sydney Smith / (Record no. 24407)

MARC details
000 -LEADER
fixed length control field 00710nam a2200253 a 4500
001 - CONTROL NUMBER
control field 24407
003 - CONTROL NUMBER IDENTIFIER
rucl marc code UkOxU
005 - DATE AND TIME OF LATEST TRANSACTION
control field 20211209001040.0
008 - FIXED-LENGTH DATA ELEMENTS--GENERAL INFORMATION
fixed length control field 140313s1904 enk 001 0beng d
035 ## - SYSTEM CONTROL NUMBER
System control number BD-RjUL)24473
040 ## - CATALOGING SOURCE
Original cataloging agency DLC
Transcribing agency ERE
Modifying agency m.c
-- BD-RjUL
Language of cataloging eng
041 ## - LANGUAGE CODE
Language code of text/sound track or separate title eng
082 04 - DEWEY DECIMAL CLASSIFICATION NUMBER
Classification number 920
Author mark and year RUS 1904
100 1# - MAIN ENTRY--PERSONAL NAME
Personal name Russell, George William Erskine,
Dates associated with a name 1853-1919.
9 (RLIN) 75144
245 10 - TITLE STATEMENT
Title Sydney Smith /
Statement of responsibility, etc. by George W. E. Russell
260 ## - PUBLICATION, DISTRIBUTION, ETC. (IMPRINT)
Place of publication, distribution, etc. London :
Name of publisher, distributor, etc. Macmillan,
Date of publication, distribution, etc. 1904
300 ## - PHYSICAL DESCRIPTION
Pagination vii, 241 p. ;
Size 19 cm
504 ## - BIBLIOGRAPHY, ETC. NOTE
Bibliography, etc Includes Index
600 10 - SUBJECT ADDED ENTRY--PERSONAL NAME
Personal name Smith, Sydney,
Dates associated with a name 1771-1845
830 #0 - SERIES ADDED ENTRY--UNIFORM TITLE
Uniform title English men of letters
942 ## - ADDED ENTRY ELEMENTS (KOHA)
Source of classification or shelving scheme Dewey Decimal Classification
Koha item type Books
Holdings
Lost status Source of classification or shelving scheme Damaged status Not for loan Collection code Permanent Location Current Location Shelving location Date acquired Source of acquisition Cost, normal purchase price Total Checkouts Full call number Date last seen Copy number Koha item type
  Dewey Decimal Classification   Added to bundle Non-fiction Central Library, University of Rajshahi Central Library, University of Rajshahi Reading Room 17/05/1976 N/A 0.00   920 RUS 1904 13/03/2014 C-1 Books